000 00939nam a2200265Ia 4500
003 OSt
005 20220923211610.0
006 a|||||r|||| 00| 0
007 ta
008 220922b |||||||| |||| 00| 0 pan d
020 _a9789388977166 (pbk)
_c200
024 _a352,365
037 _b1182, 22/01/2020, H.K. Prakashan
_cTextual
040 _aARTS
_cARTS
_bpan
041 _2pan
_apan
082 _aO153,3:g, Q9
100 _aਰਾਓ, ਮਾਨਤਾ, ਂਚ.
245 0 _aਪੰਜਾਬੀ ਗਲਪ
_b ਬਿਰਤਾਂਤ Fਾਸਤਰ
260 _aਚੰਡੀਗੜ੍ਹ
_b ਸਪਤਰਿFੀ ਪਬਲੀਕੇFਨਗ਼
_c2019
300 _a137ਪ੍ਰ0
_ccm.
650 _a ਪੰਜਾਬੀ ਕਹਾਣੀ
650 _aਪੰਜਾਬੀ ਸਾਹਿਤ
942 _hO153,3:g, Q9
_cTEXL
_2CC
999 _c301241
_d301241